LEADER 01573nam0 22003373i 450 001 CAG0054302 005 20170908093243.0 020 $aIT$b1950 7495 100 $a20130328d1950 ||||0itac50 ba 101 | $aita 102 $ait 181 1$6z01$ai $bxxxe 182 1$6z01$an 200 1 $aCarducci poeta dell'Ottocento$fGiuseppe Toffanin$gcon inediti di Lidia 210 $aNapoli$cLibreria Scientifica Editrice$d1950 215 $a142 p., [2] c. di tav.$cill.$d18 cm. 606 $aSAGGIO BIOGRAFICO$2FIR$3NAPC272046$9I 676 $a808.84$9$v21 700 1$aToffanin$b, Giuseppe$f <1891-1980>$3CFIV028386$4070$0157152 702 1$aCristofori Piva$b, Carolina$3LO1V189901 790 0$aLidia$3LO1V189902$zCristofori Piva, Carolina 790 1$aDe Cristoforis$b, Lina$3UBOV807802$zCristofori Piva, Carolina 801 3$aIT$bIT-NA0079$c20130328 850 $aIT-SA0200$aIT-NA0243$aIT-AV0007 912 $aCAG0054302 950 0$aBiblioteca Comunale Simone Augelluzzi$d 63MOD 51 F 37$e 63 0000138795 $fB $h20140320$i20140320 950 0$aCentro Librario e Bibliotecario per la Diffusione della cultura$d 67SALA B B VI 78$e 67 0000114675 B F 1 v.$fT $h20130328$i20130328 950 0$aBiblioteca provinciale Scipione e Giulio Capone$d AVSEZ. M A 114$e AVDAA0000215255 B 1 v.$fT $h20170313$i20170313 977 $a 63$a 67$a AV 996 $aCarducci poeta dell'Ottocento$91383995 997 $aUNISANNIO LEADER 01385nam 2200349Ia 450 001 996393655203316 005 20200824132220.0 035 $a(CKB)3810000000003983 035 $a(EEBO)2248501211 035 $a(OCoLC)ocm8153585e 035 $a(OCoLC)8153585 035 $a(EXLCZ)993810000000003983 100 $a19820212d1659 uy | 101 0 $aeng 135 $aurbn||||a|bb| 200 10$aDivinity in mortality, or, The Gospels excellency and the preachers frailty$b[electronic resource] $erepresented in a sermon preached at the funeral of Mr. Richard Goddard, late minister of the parish of St. Gregories by Pauls, who died on Thursday the 12th of May 1653, and was buried on Monday the 16th day of the same moneth /$fby Nath. Hardy 210 $aLondon $cPrinted by T.C. for Nathanael Webb and William Grantham$d1659 215 $a[2], 29, [1] p 300 $aReproduction of original in the Cambridge University Library. 330 $aeebo-0021 606 $aFuneral sermons 606 $aSermons, English$y17th century 615 0$aFuneral sermons. 615 0$aSermons, English 700 $aHardy$b Nathaniel$f1618-1670.$0821523 801 0$bEEU 801 1$bEEU 801 2$bWaOLN 906 $aBOOK 912 $a996393655203316 996 $aDivinity in mortality, or, The Gospels excellency and the preachers frailty$92310485 997 $aUNISA